1085 1940 1660 1623 1353 1360 1293 1520 1173 1272 1674 1890 1046 1107 1622 1618 1147 1111 1040 1441 1770 1260 1508 1558 1522 1224 1053 1526 1627 1682 1392 1957 1858 1346 1802 1291 1588 1635 1331 1778 1023 1048 1116 1177 1207 1992 1158 1137 1014 1914 1270 1388 1756 1954 1215 1941 1734 1315 1563 1593 1351 1369 1532 1526 1990 1364 1645 1117 1774 1488 1803 1227 1417 1386 1034 1750 1563 1896 1626 1643 1861 1876 1758 1907 1064 1521 1823 1403 1291 1220 1768 1712 1089 1427 1028 1330 1076 1395 1198 BCNSPRNW ULIB Ver.6.0+V

เปลี่ยนเป็นภาษาไทย

Change to English
 แสดงรายละเอียดบรรณานุกรม
  กลับหน้าหลัก

Brief Record : Get Marc (ISO 2709) : E-mail record : QR code < ปิดหน้าต่าง
LEADER : 00000nam 2200000uu 4500
001    13399112917
003     ULIB
008    110919s2553||||th 000 0 tha d
020    9786167081632
090    นว.^bพ262ว 2553
100 0  พรรณทิพา
245 00 วังวนพิศวาส/^cพรรณทิพา
250    พิมพ์ครั้งที่ 1
260    กรุงเทพฯ :^bSMART BOOK,^c2553
300    279 หน้า
945    ^p220^l0^i17080
995    กัณชพร
999     ^aใช้งานได้ทุกระบบ
รายการนี้ยังไม่มีแท็ก
คุณยังไม่ได้ล็อกอิน คุณสามารถมีกิจกรรมร่วมกับเว็บไซต์ได้ แต่ต้องล็อกอินก่อน ::
  ล็อกอิน

รายการสื่อสารสนเทศ

ลำดับที่ ประเภท เลขเรียก/บาร์โค้ด สถานที่ สถานะ
1. นวนิยาย
นวนิยาย
นว. พ262ว 2553  
  Barcode: 17080
ห้องสมุดวิทยาเขตสวรรค์ประชารักษ์
►นวนิยาย
บนชั้น
  ขอยืม

รายการใกล้เคียง
    ผู้แต่ง [พรรณทิพา]

BibComment


ยังไม่เคยถูกคอมเมนท์

คอมเมนท์ทรัพยากรรายการนี้
  คอมเมนท์: วังวนพิศวาส พรรณท..


 Copyright 2026. Bcnsprnw @Library